Регионална библиотека "Любен Каравелов" - Русе

Бандитска Русия (Запис номер 24617)

MARC детайли
000 -Лидер
Контролно поле с фиксирана дължина 01260nam a2200325 c 4500
003 - Код на организацията, давaща контролен номер
Контролно поле BLK
005 - Дата и час на последна редакция
Контролно поле 20180420215937.0
008 - Елементи от данни с фиксирана дължина
fixed length control field 180413b bul|||||r ||||||| ||bul||
010 ## - Наследен системен номер
LC control number KNG00027134000
020 ## - Международен стандартен номер на книга ISBN
Международен стандартен номер на книга ISBN 954-528-120-0
-- издат.: Труд
040 ## - Източник на каталожния запис
Идентификатор на билиотеката - собственик на записа BLK
041 ## - Код за език
Код за езика на текст/звукозапис или на отделно заглавие Български
Код за езика КДБФ Български
080 ## - УДК
Текстов определител УДК
УДК код - определител по УДК 343.22/.23
УДК определител (470)
УДК - код + определител 343.22/.23(470)
080 ## - УДК
Текстов определител УДК Вътрешна политика. Вж и 329
УДК код - определител по УДК 323
УДК определител (470)
УДК - код + определител 323(470)
100 1# - Редна дума - Автор
Автор Максимов, Александър А.
Авторска отговорност първи автор
R(LIN) 267745
139 ## - Редно поле
Редна дума Максимов, Александър А.
Авторски знак Мак - М 19
245 10 - Сведения за заглавието
Заглавие Бандитска Русия
Подзаглавни данни Демократ. ценности и бандитските закони
Редно поле (дума) Александър А. Максимов; прев. от рус. Венедикта Григорова.
257 ## - Страна на издаване
Страна на създаване/издаване Русия
260 ## - Област на издателските данни
-- София
Име на издателя, разпространителя и проч. Труд
Година на издаване 1999
Печатница София : Д. Благоев
300 ## - Физическа характеристика
Страници 288 с.
Размери/Мащаб 22 см
380 ## - Жанр
Жанр Обществени науки
490 1# - СЕРИИ (Колекции)
Име на серия Поредица Строго секретно
653 ## - Ключова дума – ненормативна
Ключова дума Русия
700 1# - Други автори (авторска отговорност)
Лично име Григорова, Венедикта
Автороска отговорност (Описва отношението между автора и произведението) прев. от рус.
9 (RLIN) 267746
852 ## - Местоположение
Форматна сигнатура Цб 200680
856 4# - Електронен адрес и достъп
Електронен формат pdf - файл
Път до файла /url/
856 4# - Електронен адрес и достъп
Електронен формат pdf - файл
Път до файла /url/
942 ## - АРТИКУЛИ
Вид на библиотечния материал Книги
Скрит в OPAC Не
944 ## - СЪЗДАВАНЕ И РЕДАКЦИЯ на ЗАПИСА
Създаване/Редакция Създаване
Дата на регистрацията/редакция 10.04.2003
Служител, извършил регистрацията/редакцията AB_DOS
944 ## - СЪЗДАВАНЕ И РЕДАКЦИЯ на ЗАПИСА
Създаване/Редакция Редакция
Дата на регистрацията/редакция 10.04.2003
Служител, извършил регистрацията/редакцията
999 ## - СИСТЕМНИ КОНТРОЛНИ НОМЕРА
Koha biblionumber 24617
Koha biblioitemnumber 24617
Наличности
Код за отписване Код за изгубен артикул Източник на класификационната схема Код за повреда Коз за рестрикции Код за отдаване Артикулен № Име на библиотеката - собственик Име на библиотеката, в която се намира в момента Статус (Текущо местоположение) Дата на вписване в системата Местоположение - отдел Цена в лева Инвентарен номер Систематично азбучна сигнатура Баркод Номер на екземпляра Цена в евро Служебен тип на артикула
Изтеглен Не е изгубен Universal Decimal Classification Не е повреден без рестрикции заемане за дома 40541 Регионална библиотека "Любен Каравелов" Русе Регионална библиотека "Любен Каравелов" Русе Заемна - подръчен фонд 2001-01-01 Заемна - подръчен фонд 5.00 647516 П 343(47+57)/М 647516 1 2.56 Книги
  Не е изгубен Universal Decimal Classification Не е повреден без рестрикции ползва се в читалня 40542 Регионална библиотека "Любен Каравелов" Русе Регионална библиотека "Любен Каравелов" Русе Хранилище 2001-01-01 Хранилище 0.01 649159 Цб 200680 120000649159 2 0.01 Книги
Vip Innovations Ltd, Rousse, Bulgaria 2025